|
|
|
|
| LEADER |
00000nab a2200000 a 4500 |
| 001 |
vtls000351047 |
| 003 |
SK-MaSNL |
| 005 |
20260304013339.0 |
| 008 |
111202c1987 xo 0 cze |
| 015 |
|
|
|a SNBRA19rr/mm-uuuuu
|
| 035 |
|
|
|a CL0351169
|
| 040 |
|
|
|a SNKBUCL
|b slo
|c SNKBUCL
|e AACR2
|
| 041 |
0 |
|
|a cze
|
| 044 |
|
|
|a xo
|c SK
|
| 080 |
|
|
|a 517.548:511.132:510.52
|2 1981
|
| 080 |
|
|
|a 511.132
|2 1981
|
| 080 |
|
|
|a 510.52
|2 1981
|
| 100 |
1 |
|
|a Hřebíček, Jiří
|4 aut
|9 528126
|
| 245 |
1 |
0 |
|a Rychlý algoritmus pro výpočet prvků N-té mocniny matic
|c Jiří Hřebíček, Pavel Polcar
|
| 300 |
|
|
|b Tb. 1., lit. 3 zázn. v slov., angl.
|
| 650 |
0 |
7 |
|a matice (matematika)
|2 snkbucl
|9 99437
|
| 650 |
0 |
7 |
|a algoritmy rýchle
|2 snkbucl
|9 972493
|
| 655 |
|
7 |
|a články zo zborníkov
|2 snkbucl
|9 166140
|
| 700 |
1 |
|
|a Polcar, Pavel
|4 aut
|9 1153413
|
| 773 |
0 |
|
|t Zborník prednášok 9. sympózia o algoritmoch ALGORITMY 87
|d Bratislava : Jednota slov., mat. a fyz. pri SAV, 1987
|g S. 78-80
|
| 850 |
|
|
|a Slovenská národná knižnica v Martine
|a MTA001
|
| 852 |
|
|
|a SNK
|b KIS3GCP
|
| 958 |
|
|
|a RK
|
| 992 |
|
|
|a RZB
|
| 999 |
|
|
|c 2575391
|d 2577321
|